| 000 | 00916nam a22002177a 4500 | ||
|---|---|---|---|
| 005 | 20171128162153.0 | ||
| 010 | _aUR-9843 | ||
| 020 | 6 | _c95.00 | |
| 035 | _aU-8398 | ||
| 037 | _bDBAD/PUB | ||
| 082 | _a270 | ||
| 100 | _aمو لا نا سید ا بو ا لا علی مو د و د ی | ||
| 245 |
_aپر د ہ _cمو لا نا سید ا بو ا لا علی مو د و د ی |
||
| 246 |
_b _a Purdah |
||
| 250 | _aby Moulana Sayyid Abul A,la Maudoodi | ||
| 260 |
_a نئی د لی _bMerkazi Maktaba Islami Publishers _c2014 |
||
| 270 |
_aD307,Dawat Nagar,Abul Fazal Enclave,Jamia Nagar , _b New Delhi _e110025 _k01126971652 _l- |
||
| 300 |
_a256ص _c22 Cm.(B.b) |
||
| 500 | _aدو حصہ | ||
| 942 |
_2ddc _cUR _h270 _mا ب و _e |
||
| 999 |
_c146871 _d146871 |
||